The 'Caine' Mutiny / (Record no. 186668)
[ view plain ]
| 000 -LEADER | |
|---|---|
| fixed length control field | 00534 a2200157 4500 |
| 003 - CONTROL NUMBER IDENTIFIER | |
| control field | Nust |
| 005 - DATE AND TIME OF LATEST TRANSACTION | |
| control field | 20230123121834.0 |
| 040 ## - CATALOGING SOURCE | |
| Transcribing agency | Nust |
| 082 ## - DEWEY DECIMAL CLASSIFICATION NUMBER | |
| Classification number | 808.83,WOU |
| 100 ## - MAIN ENTRY--PERSONAL NAME | |
| Personal name | Wouk , Herman |
| 9 (RLIN) | 107412 |
| 245 ## - TITLE STATEMENT | |
| Title | The 'Caine' Mutiny / |
| Statement of responsibility, etc. | Herman Wouk |
| 260 ## - PUBLICATION, DISTRIBUTION, ETC. | |
| Place of publication, distribution, etc. | London |
| Name of publisher, distributor, etc. | Jonthann cape |
| 505 ## - FORMATTED CONTENTS NOTE | |
| Formatted contents note | Willie Keith (Page-9), The Caine (Page-54), Captain Queeg (Page-115), Shore Leave (Page-185), The Mutiny (Page-212), The Court Martial (Page-333), The Last Captain of The Caine (Page-432). |
| 650 ## - SUBJECT ADDED ENTRY--TOPICAL TERM | |
| Topical term or geographic name entry element | Novel |
| 9 (RLIN) | 2525 |
| 942 ## - ADDED ENTRY ELEMENTS (KOHA) | |
| Source of classification or shelving scheme | |
| Koha item type | Book |
| Withdrawn status | Lost status | Source of classification or shelving scheme | Damaged status | Not for loan | Permanent Location | Current Location | Shelving location | Date acquired | Shelving control number | Total Checkouts | Full call number | Barcode | Date last seen | Date last checked out | Price effective from | Koha item type | Public note |
|---|---|---|---|---|---|---|---|---|---|---|---|---|---|---|---|---|---|
| Military College of Signals (MCS) | Military College of Signals (MCS) | Fiction | 12/12/2016 | English Literature | 1 | 808.83,WOU | MCS30039 | 08/27/2024 | 08/20/2024 | 12/12/2016 | Book | Almirah No.57, Shelf No.3 |
